Online Catalogue and eLibrary

Imperialism and its contradictions / (Record no. 436)

MARC details
000 -LEADER
fixed length control field 00757cam a2200241 a 4500
001 - CONTROL NUMBER
control field 652167
005 - DATE AND TIME OF LATEST TRANSACTION
control field 20240220040335.0
008 - FIXED-LENGTH DATA ELEMENTS--GENERAL INFORMATION
fixed length control field 940325s1995 nyu b 001 0 eng
020 ## - INTERNATIONAL STANDARD BOOK NUMBER
ISBN 0415907969 (alk. paper)
020 ## - INTERNATIONAL STANDARD BOOK NUMBER
ISBN 0415907977 (alk. paper)
040 ## - CATALOGING SOURCE (பட்டியலாக்க மூலம்)
Original cataloging agency DLC
Transcribing agency DLC
Modifying agency DLC
082 00 - DDC Classification
Class No. 320.9.
DDC Edition Number 20
Item Number - Author Mark IMP.
100 1# - MAIN ENTRY--PERSONAL NAME
Personal name Kiernan, V. G.
245 10 - TITLE STATEMENT
Title Imperialism and its contradictions /
Statement of responsibility, etc. V.G. Kiernan ; edited & introduced by Harvey J. Kaye.
260 ## - PUBLICATION, DISTRIBUTION, ETC.
Place of publication, distribution, etc. New York :
Name of publisher, distributor, etc. Routledge,
Date of publication, distribution, etc. 1995.
300 ## - PHYSICAL DESCRIPTION
Extent (e.g. Volumes, Pages etc.) xii, 218 p. ;
500 ## - GENERAL NOTE
General note Collection of previously published essays.
650 #0 - SUBJECT ADDED ENTRY--TOPICAL TERM
Topical term or geographic name entry element Imperialism.
650 #0 - SUBJECT ADDED ENTRY--TOPICAL TERM
Topical term or geographic name entry element Colonies.
700 1# - ADDED ENTRY--PERSONAL NAME
Personal name Kaye, Harvey J.
Relator term (Role) Editor
856 42 - ELECTRONIC LOCATION AND ACCESS
Uniform Resource Identifier <a href="http://www.loc.gov/catdir/enhancements/fy0651/94014828-d.html">http://www.loc.gov/catdir/enhancements/fy0651/94014828-d.html</a>
942 ## - Koha item type (Biblio)
Koha item type Books in Stacks (Lending)
Holdings
Lost status Damaged status Collection code Home library Current library Date acquired Full call number Accession Number Item type
    Lending WERC Library WERC Library 02/20/2024 320.9. IMP. 3955 Books in Stacks (Lending)

© WERC Library